000
00308nam a2200133Ia 4500
008
231129s1966||||xx |||||||||||||| ||spa||
040
_b
spa
082
_a
R 621.750202 S679m
100
_a
Sodano E.
245
0
_a
Manual del ajustador
260
_c
1966
264
_a
Tecnicos Asociados
942
_2
ddc
_c
BKS
999
_c
20474
_d
20474